| 000 | 00472nam a2200169Ia 4500 | ||
|---|---|---|---|
| 008 | 230711s9999||||xx |||||||||||||| ||und|| | ||
| 020 | _a978-39-80027-69-2 | ||
| 041 | _aENG | ||
| 082 |
_a624 _bSH-R |
||
| 100 | _aSharma.Neelam | ||
| 245 | 0 | _aR.C.C design and drawing(i.s.456-2000)including limited state method working stress method | |
| 250 | _a2nd Ed. | ||
| 260 |
_c2011 _aNew Delhi _bS.K Kataria & Sons |
||
| 300 | _a425 | ||
| 650 | _aCivil Engineering | ||
| 942 | _cBK | ||
| 999 |
_c5633 _d5633 |
||